000 00591nam a2200205 i 4500
001 111673
003 ES-MaACL
005 20240521134255.0
007 t|
008 061121s1973 sp r ||||1| cat d
080 _a821.134.1-32"19"(082.2)
245 0 0 _aNarracions catalanes del segle XX /
_cintroducció de J. M. Castellet.
250 _a1ª ed.
260 _aBarcelona :
_bEdicions 62,
_c1973.
300 _a553 p. ;
_c20 cm.
650 4 _aCuentos catalanes.
_9156643
700 1 _aCastellet, J. M.,
_d1926-2014
_9156498
852 _aES-MaACL
_jC-52530
999 _c111673
_d111673